Statistics for Random Logos Quiz

Click here to take the quiz!

General Stats

  • This quiz has been taken 76,308 times
    (41,574 since last reset)
  • The average score is 14 of 20

Answer Stats

Answer% Correct
Superman
98%
Jurassic Park
95%
The Olympics
94%
Ghostbusters
93%
Bluetooth
92%
Hello Kitty
92%
NASA
91%
Toy Story
84%
The Incredibles
78%
WWF
69%
The Rolling Stones
69%
Breaking Bad
67%
London Underground
62%
Republican Party
60%
The Godfather
59%
Blu-ray
56%
Seinfeld
48%
Mortal Kombat
47%
Anarchy
46%
Grateful Dead
16%

Score Distribution

Percentile by Number Answered

Percent of People with Each Score

Your Score History

You have not taken this quiz since the last reset